Εισαγωγή στο θέατρο του σχολείου

Αποθηκεύτηκε σε:
Λεπτομέρειες βιβλιογραφικής εγγραφής
Κύριος συγγραφέας: Ρώτας, Βασίλης, 1889-1977
Μορφή: Βιβλίο
Γλώσσα:Greek
Δημοσίευση: Αθήναι : Εκδοτικός οίκος Δημητράκου, 1934.
Θέματα:
Ετικέτες: Προσθήκη ετικέτας
Δεν υπάρχουν, Καταχωρήστε ετικέτα πρώτοι!

MARC

LEADER 00000cam a2200000 a 4500
001 1/109139
008 151008s1934####gr | ||| |||| ||gre||
040 |a GR-MyUa  |b gre  |c GR-MyUa  |e AACR2 
041 0 |a gre 
082 7 |a 791.5   |2 (23) 
100 1 |a Ρώτας, Βασίλης,   |d 1889-1977. 
245 1 0 |a Εισαγωγή στο θέατρο του σχολείου /   |c Βασίλη Ρώτα. 
260 |a Αθήναι :   |b Εκδοτικός οίκος Δημητράκου,   |c 1934.  
300 |a 30 σ. :   |b εικ. ;   |c 26 εκ.  
650 0 |a Theater and children. 
650 0 |a Children's plays. 
650 0 |a Puppet theater. 
852 |a INST  |b SAMOS  |c PORFYRIADA  |e 20151008  |h 761.5 ΡΩΤ  |p 005300043015  |q 005300043015  |t NOLOAN  |y 23 
970 |a Σιτζίμη  |b Γιασεμή  |z 08/10/2015